MARC details
| 000 -CABECERA |
| campo de control de longitud fija |
01761nam a2200277 a 4500 |
| 003 - IDENTIFICADOR DEL NÚMERO DE CONTROL |
| campo de control |
MX-MxUPN |
| 005 - FECHA Y HORA DE LA ÚLTIMA TRANSACCIÓN |
| campo de control |
20240919064818.0 |
| 008 - ELEMENTOS DE LONGITUD FIJA--INFORMACIÓN GENERAL |
| campo de control de longitud fija |
230418s2020 mx |||||ob||| 000 0 spa d |
| 020 ## - NÚMERO INTERNACIONAL NORMALIZADO PARA LIBROS |
| Número Internacional Estándar del Libro |
9786073029506 |
| 040 ## - FUENTE DE LA CATALOGACIÓN |
| Centro catalogador/agencia de origen |
MX-MxUPN |
| Lengua de catalogación |
spa |
| Centro/agencia transcriptor |
MX-MxUPN |
| 041 0# - CÓDIGO DE IDIOMA |
| Código de lengua del texto/banda sonora o título independiente |
spa |
| 050 14 - SIGNATURA TOPOGRÁFICA DE LA BIBLIOTECA DEL CONGRESO |
| Número de clasificación |
LC191 |
| 245 03 - MENCIÓN DE TÍTULO |
| Título |
El estudio social y cultural de la educación : |
| Resto del título |
claves conceptuales para el pedagogo en formación |
| Medio |
[recurso electrónico en línea] |
| 250 ## - MENCIÓN DE EDICIÓN |
| Mención de edición |
Primera edición. |
| 260 ## - PUBLICACIÓN, DISTRIBUCIÓN, ETC. |
| Lugar de publicación, distribución, etc. |
Ciudad de México : |
| Nombre del editor, distribuidor, etc. |
Universidad Nacional Autónoma de México, Facultad de Filosofía y Letras, |
| Fecha de publicación, distribución, etc. |
2020 |
| 300 ## - DESCRIPCIÓN FÍSICA |
| Extensión |
1 recurso en línea (385 páginas) : |
| Otras características físicas |
PDF |
| 490 0# - MENCIÓN DE SERIE |
| Mención de serie |
Seminarios. Pedagogía |
| 506 0# - NOTA DE RESTRICCIONES AL ACCESO |
| Limitaciones de acceso |
Acceso abierto |
| 504 ## - NOTA DE BIBLIOGRAFÍA, ETC. |
| Nota de bibliografía, etc. |
Incluye referencias bibliográficas. |
| 505 00 - NOTA DE CONTENIDO CON FORMATO PREESTABLECIDO |
| Título |
La dimensión sociohistórica-cultural de los seres humanos y la educación / |
| Mención de responsabilidad |
Iris Jiménez, Sonia Zenteno -- |
| Título |
Bases conceptuales para el estudio de la dimensión social en la educación: una aproximación a las propuestas teóricas de autores clásicos / |
| Mención de responsabilidad |
Liliana Valladares -- |
| Título |
Bases conceptuales para el estudio de la dimensión social en la educación: una aproximación a las propuestas teóricas de autores contemporáneos / |
| Mención de responsabilidad |
Liliana Valladares -- |
| Título |
Las funciones sociales de la educación: entre el consenso, el conflicto, lo local y lo diverso / |
| Mención de responsabilidad |
Irán Guerrero -- |
| Título |
La dimensión cultural en la educación: aproximaciones teóricas para el estudio de la cultura, la interculturalidad y la educación / |
| Mención de responsabilidad |
Liliana Valladares. |
| 650 #4 - ASIENTO SECUNDARIO DE MATERIA - TERMINO TEMATICO |
| Término de materia o nombre geográfico como elemento de entrada |
Educación |
| Subdivisión general |
Aspectos sociales |
| 9 (RLIN) |
5311 |
| 700 1# - ASIENTO SECUNDARIO--NOMBRE DE PERSONAL |
| Nombre de persona |
Valladares, Liliana |
| 9 (RLIN) |
48688 |
| Término indicativo de función/relación |
coordinación |
| 856 40 - LOCALIZACIÓN Y ACCESO ELECTRÓNICOS |
| Identificador Uniforme del Recurso |
<a href="https://ru.atheneadigital.filos.unam.mx/jspui/handle/FFYL_UNAM/407">https://ru.atheneadigital.filos.unam.mx/jspui/handle/FFYL_UNAM/407</a> |
| 902 ## - ELEMENTOS DE DATOS B LOCAL, LDB (RLIN) |
| Creó |
Víctor Ruiz/190423 |
| 942 ## - ELEMENTOS DE PUNTO DE ACCESO ADICIONAL (KOHA) |
| Fuente del sistema de clasificación o colocación |
Library of Congress Classification |
| Tipo de ítem Koha |
Libro Electrónico |